La Cuestión de los refugiados extranjeros. Política española en el trienio liberal / Manuel Morán
Publicado:
Madrid :
Centro de Estudios Históricos (CSIC). Departamentos de Historia Medieval, Moderna y Contemporanea ,
1989
Descripción Física:
p. 985 a 1016 ; 25 cm
Otros Autores:
Consejo Superior de Investigaciones Científicas. Departamento de Historia Medieval, Moderna y Contemporánea
Materias:
Refugiats -- Espanya -- 1820/1823
MARC
| LEADER | 00000nam a2200000Ia 4500 | ||
|---|---|---|---|
| 001 | 9108 | ||
| 008 | 160829s1989 xx 000 0 cat d | ||
| 080 | |a FU-9-70 | ||
| 100 | |a Morán, Manuel |9 27310 | ||
| 245 | |a La Cuestión de los refugiados extranjeros. Política española en el trienio liberal / Manuel Morán | ||
| 260 | |a Madrid : |b Centro de Estudios Históricos (CSIC). Departamentos de Historia Medieval, Moderna y Contemporanea, |c 1989 | ||
| 300 | |a p. 985 a 1016 ; |c 25 cm | ||
| 590 | |a Separata de 'Hispania' : Revista Española de Historia, XLIX/173 (1989) | ||
| 650 | |a Refugiats |x Espanya |x 1820/1823 |9 27311 | ||
| 700 | |a Consejo Superior de Investigaciones Científicas. Departamento de Historia Medieval, Moderna y Contemporánea |9 27312 | ||
| 901 | |a Arxiu | ||
| 942 | |n 1 | ||
| 952 | |0 0 |1 0 |4 0 |6 FU970 |7 1 |9 44347 |a Arxiu |b Arxiu |d 2016-12-01 |l 0 |o FU-9-70 |p 9108 |r 2016-12-01 00:00:00 |w 2016-12-01 |y ARXIU | ||
| 999 | |c 46928 |d 46928 | ||